Cercles et régionales UCL de Louvain-la-Neuve - Statistiques

Statistiques générales
  • Ce quiz a été pris 159 fois
  • Le résultat moyen est 14 sur 25
Statistiques - réponses
Réponse % Correct
Cercle des Étudiants en Sciences Économiques, sociales, politique et de la Communication
84%
LUX
83%
Cercle de Droit "Chez Adèle"
79%
Carolo
74%
Cercle Industriel
73%
Namuroise
73%
Cercle de Philosophie et Lettres
71%
Cercle des Étudiants en Psychologie
69%
Cercle d'agronomie
68%
Athoise
64%
Bruxelloise
64%
Liégeoise
62%
Montoise
56%
Maison des Sciences
54%
B. W.
51%
Centrale
49%
Tournaisienne
49%
Binchoise
47%
Enghiennoise
47%
Chimacienne
43%
Mouscronnoise
38%
Eumavia
36%
Maison des Athlètes Francophones - Sportkot
36%
Cercle des Étudiants en Philosophie
30%
Grand-Ducale
20%
Aucun quiz correspondant
Distribution des résultats
% des personnes avec chaque résultat
Percentile par nombre de réponses
Votre historique - résultats
Vous n’avez pas pris ce quiz